| 000 | 00418nam a2200169Ia 4500 | ||
|---|---|---|---|
| 001 | 4953 | ||
| 003 | IN-NITTTR | ||
| 005 | 20251114233004.0 | ||
| 008 | 251113s9999||||xx |||||||||||||| ||eng|| | ||
| 040 | _beng | ||
| 040 | _cIN-NITTTR | ||
| 041 | _aeng | ||
| 082 | _a621.30954 V55R | ||
| 100 | _aVenkataraman, K. | ||
| 245 | 0 |
_aPower development in India : _b the financial aspects / _cVenkataraman, K. |
|
| 942 |
_2ddc _cBK |
||
| 999 |
_c7589 _d7589 |
||